[Event "AUTO-OPEN-1977"]
[Site "http://www.queenalice.com/game.php?id=775783"]
[Date "2010.5.14"]
[Round "1"]
[White "ferrari"]
[Black "cwo"]
[Result "0-1"]
[WhiteElo "1394"]
[BlackElo "1500"]

1. e4 e5 2. Nf3 Nf6 3. Nxe5 Nc6 4. Nxc6 dxc6 5. Bd3 Bc5 6. O-O O-O 7. Nc3 Re8 8.
Na4 Bd4 9. c3 Bb6 10. Nxb6 cxb6 0-1

[Event "AUTO-OPEN-1977"]
[Site "http://www.queenalice.com/game.php?id=775784"]
[Date "2010.5.14"]
[Round "1"]
[White "cwo"]
[Black "gedanix"]
[Result "0-1"]
[WhiteElo "1500"]
[BlackElo "2226"]

1. e4 e6 2. Nf3 d5 3. e5 c5 4. d4 cxd4 5. Nxd4 Ne7 6. c3 Nbc6 7. Bb5 Bd7 8. Bxc6
Nxc6 9. O-O Nxe5 10. Re1 Bd6 11. f4 Nc6 12. f5 e5 13. Nxc6 bxc6 14. c4 Bxf5 15.
cxd5 Bc5+ 16. Be3 Bxe3+ 17. Rxe3 Qb6 18. Qd2 cxd5 19. Kh1 Be4 20. Nc3 Rb8 21.
Nxd5 Bxd5 22. Rxe5+ Be6 23. b3 Rd8 0-1

[Event "AUTO-OPEN-1977"]
[Site "http://www.queenalice.com/game.php?id=775785"]
[Date "2010.5.14"]
[Round "1"]
[White "gedanix"]
[Black "cwo"]
[Result "1-0"]
[WhiteElo "2225"]
[BlackElo "1500"]

1. e4 e5 2. Nf3 d6 3. d4 Nd7 4. Bc4 Be7 5. dxe5 Nxe5 6. Nxe5 dxe5 7. Qh5 g6 8.
Qxe5 Qd6 9. Qxh8 Kf8 10. Qxh7 Be6 11. Bxe6 Qxe6 12. Bh6+ Ke8 13. Qxg8+ Kd7 14.
Qxa8 Qxe4+ 15. Kf1 Qc4+ 16. Kg1 Qe2 17. Nc3 Qxc2 18. Qxb7 Bc5 19. Qd5+ Bd6 20.
Qxf7+ Kc6 21. Qe8+ Kb7 22. Qe4+ Qxe4 23. Nxe4 1-0

[Event "ROMEO V"]
[Site "http://www.queenalice.com/game.php?id=786186"]
[Date "2010.6.6"]
[Round "-"]
[White "rogeriooliveira"]
[Black "cwo"]
[Result "0-1"]
[WhiteElo "1580"]
[BlackElo "1732"]

1. e4 e5 2. d4 exd4 3. Qxd4 Nc6 4. Qd5 Nb4 5. Qe5+ Ne7 6. Bd3 Nxd3+ 7. cxd3 d6
8. Qf4 Nc6 9. Nc3 Ne5 10. Kd2 g6 11. Qe3 Qh4 12. g3 Qh5 13. Nge2 Bh6 14. f4 c5
15. fxe5 Bxe3+ 16. Kxe3 dxe5 17. Nb5 O-O 18. Nc7 Rb8 19. Bd2 Bg4 20. Nc1 Qh3 21.
Nd5 Qg2 22. Rd1 Bxd1 23. Nb3 Qf3# 0-1

[Event "SIERRA II"]
[Site "http://www.queenalice.com/game.php?id=787342"]
[Date "2010.6.8"]
[Round "-"]
[White "rogeriooliveira"]
[Black "cwo"]
[Result "0-1"]
[WhiteElo "1406"]
[BlackElo "1806"]

1. e4 e5 2. d4 Nc6 3. d5 Nd4 4. c3 Nb3 5. axb3 Nf6 6. Bd3 d6 7. Nf3 Be7 8. O-O
b6 9. Bg5 Nxd5 10. Bxe7 Qxe7 11. exd5 Bb7 12. c4 O-O 13. Nfd2 f5 14. Bc2 e4 15.
f3 e3 16. Re1 Qg5 17. g3 f4 18. Kg2 exd2 19. Re2 fxg3 20. Qxd2 Qf6 21. Qd3 gxh2
22. Kh1 Qxf3+ 23. Qxf3 Rxf3 24. Nd2 Rh3 25. Ne4 c6 26. dxc6 Bxc6 27. b4 b5 28.
c5 dxc5 29. bxc5 Re8 30. Rxa7 Rh4 31. Rxh2 Rxh2+ 32. Kxh2 Bxe4 33. Ra6 Bxc2 34.
c6 Bf5 35. c7 Rc8 36. Ra7 Be4 37. Ra5 Rxc7 38. Rxb5 Rb7 39. Rxb7 Bxb7 40. b3 Kf7
41. Kg3 Ke6 42. Kf4 Kf6 43. Kg4 g6 44. Kg3 Kf5 45. Kh3 g5 0-1

[Event "PERUCONA X"]
[Site "http://www.queenalice.com/game.php?id=788229"]
[Date "2010.6.10"]
[Round "-"]
[White "perucona"]
[Black "cwo"]
[Result "0-1"]
[WhiteElo "1349"]
[BlackElo "1858"]

1. e4 e5 2. d4 exd4 3. Qxd4 Nc6 4. Qd5 Nb4 5. Qd2 Bc5 6. c3 Nc6 7. Qd5 d6 8. Be3
Bxe3 9. Bc4 Bxf2+ 10. Kxf2 Qf6+ 11. Nf3 Nge7 12. Qxf7+ Qxf7 13. Bxf7+ Kxf7 14.
Nbd2 Rf8 15. Rae1 Kg8 16. Nc4 Rf7 17. Re3 Bg4 18. Kg3 Bxf3 19. Rxf3 Ng6 20. Rxf7
Kxf7 21. Rf1+ Kg8 22. h3 Nge5 23. Nxe5 Nxe5 24. Kf4 Rf8+ 25. Ke3 Rxf1 26. Ke2
Rb1 27. b4 Rb2+ 28. Ke3 Rxg2 29. h4 Rxa2 30. Kd4 Nf3+ 31. Ke3 Nxh4 32. c4 Kf7
33. Kd3 Ke6 34. Kd4 c6 35. c5 dxc5+ 36. bxc5 b6 37. cxb6 axb6 38. Kc3 Ke5 39.
Kd3 Ra4 40. Ke3 Rxe4+ 41. Kd3 g5 42. Kd2 Kf4 43. Kd3 g4 44. Kd2 g3 45. Kd3 g2
46. Kc3 g1=Q 47. Kb3 Qg3+ 48. Kb2 Re2+ 49. Kc1 Qg1# 0-1

[Event "Challenge"]
[Site "http://www.queenalice.com/game.php?id=793918"]
[Date "2010.6.23"]
[Round "-"]
[White "Legiao"]
[Black "cwo"]
[Result "0-1"]
[WhiteElo "1120"]
[BlackElo "1732"]

1. e4 e5 2. Bc4 Nf6 3. Nf3 Nc6 4. Ng5 d5 5. Qe2 dxc4 6. Qxc4 Qe7 7. Nc3 h6 8.
Nxf7 Qxf7 9. Qd3 Be7 10. Nb5 O-O 11. Nxc7 Rb8 0-1

[Event "Challenge"]
[Site "http://www.queenalice.com/game.php?id=795126"]
[Date "2010.6.26"]
[Round "-"]
[White "AndreGazola"]
[Black "cwo"]
[Result "1-0"]
[WhiteElo "1667"]
[BlackElo "1757"]

1. e4 e5 2. Nf3 Nc6 3. Bc4 Nf6 4. Ng5 d5 5. exd5 Nxd5 6. Nxf7 Kxf7 7. Qf3+ Ke8
8. Bxd5 Qf6 9. Qd1 Bc5 10. O-O Nb4 11. Bb3 Be6 12. Bxe6 Qxe6 13. d4 Bd6 14. c3
Nd5 15. Re1 Rf8 16. dxe5 Bc5 17. Re2 Rd8 18. Qe1 Rd7 19. Bg5 Rdf7 20. Bh4 Rf4
21. Bg3 R4f7 22. Nd2 Nf4 23. Bxf4 Rxf4 24. Ne4 Bb6 25. Qd2 Qf5 26. e6 Qxe6 27.
Ng5 Bxf2+ 28. Kh1 Qxe2 29. Qxe2+ Kd7 30. Ne6 Re8 31. Nxf4 Rxe2 32. Nxe2 Kd6 33.
Nd4 Kd5 34. Rd1 Bxd4 35. Rxd4+ Kc6 36. Rf4 a5 37. Rf7 b5 38. Rxg7 Kc5 39. Rxc7+
Kd6 40. Rxh7 Kc5 41. g4 Kc4 42. g5 b4 43. g6 bxc3 44. bxc3 Kxc3 45. g7 Kb2 46.
g8=Q a4 47. Qc4 a3 48. Rb7+ Ka1 49. Qc1+ Kxa2 50. Qb1# 1-0

[Event "Challenge"]
[Site "http://www.queenalice.com/game.php?id=813991"]
[Date "2010.8.6"]
[Round "-"]
[White "thiagobrumchess"]
[Black "cwo"]
[Result "0-1"]
[WhiteElo "1706"]
[BlackElo "1712"]

1. e4 c5 2. Nf3 Nc6 3. Bb5 Nf6 4. Nc3 g6 5. O-O Bg7 6. Bxc6 bxc6 7. d3 d6 8. Bd2
O-O 9. Rb1 Bg4 10. Bf4 Nh5 11. Bg5 Rb8 12. Re1 Bxc3 13. Bc1 Bxe1 14. Qxe1 Bxf3
15. gxf3 Qd7 16. Bh6 Rfe8 17. Kh1 Qh3 18. Qe3 e5 19. b3 Nf4 20. Bxf4 exf4 21.
Qxf4 Qe6 22. Rg1 Kg7 23. c4 Qf6 24. Qe3 Qb2 25. Qf4 Qxf2 26. a4 Qd4 27. Rd1 Rxb3
28. Qd2 Rb2 29. Qa5 Qf2 30. Qc3+ Kg8 31. Rd2 Rxd2 32. Qxd2 Qf1# 0-1

[Event "Challenge"]
[Site "http://www.queenalice.com/game.php?id=831307"]
[Date "2010.9.11"]
[Round "-"]
[White "cwo"]
[Black "melo41"]
[Result "1-0"]
[WhiteElo "1778"]
[BlackElo "1776"]

1. e4 e6 2. Nf3 d5 3. e5 c5 4. d4 Nc6 5. Bb5 cxd4 6. Bxc6+ bxc6 7. Nxd4 c5 8.
Nf3 Qa5+ 9. c3 Ba6 10. Nbd2 Nh6 11. Nb3 Qb5 12. Bxh6 gxh6 13. a4 Qc4 14. Nfd2
Qf4 15. Nf3 Bg7 16. Nxc5 Bc8 17. Nd3 Qe4+ 18. Qe2 Qxe2+ 19. Kxe2 Ba6 20. b4 Bc4
21. Ke3 h5 22. Kd4 O-O 23. Rhe1 Rac8 24. b5 Bxd3 25. Kxd3 Rc4 26. Re2 Rfc8 27.
Rc2 a5 28. Ra3 Bf8 29. Raa2 Bg7 30. Nd2 Rxc3+ 31. Rxc3 1-0

[Event "AUTO-ADV-2117"]
[Site "http://www.queenalice.com/game.php?id=921817"]
[Date "2011.4.4"]
[Round "1"]
[White "cwo"]
[Black "KingHermano"]
[Result "1-0"]
[WhiteElo "1834"]
[BlackElo "1845"]

1. e4 c5 2. Nf3 e6 3. d4 h6 4. d5 d6 5. Nc3 a6 6. a4 a5 7. Bb5+ Bd7 8. dxe6 fxe6
9. Bf4 Bxb5 10. Nxb5 e5 11. Nxe5 dxe5 12. Qh5+ Ke7 13. Rd1 Qb6 14. Nd6 exf4 15.
Nc8+ Kf6 16. Qf5# 1-0

[Event "AUTO-ADV-2117"]
[Site "http://www.queenalice.com/game.php?id=921818"]
[Date "2011.4.4"]
[Round "1"]
[White "KingHermano"]
[Black "cwo"]
[Result "0-1"]
[WhiteElo "1877"]
[BlackElo "1877"]

1. e4 e5 2. Nf3 Nc6 3. Bc4 Bc5 4. d3 Nf6 5. a3 O-O 6. b4 Bb6 7. Bb2 a5 8. Nxe5
Nxe5 9. Bxe5 Qe7 10. Bb2 d5 11. Bb3 Ng4 12. O-O Qh4 13. h3 Nxf2 14. Rxf2 Qxf2+
15. Kh2 Bg4 16. Qxg4 Qg1+ 17. Kg3 Qe1+ 18. Kf4 Qe3+ 19. Kf5 g6+ 20. Kf6 Rae8 21.
Bxd5 c5 22. Be5 Bd8# 0-1

[Event "AUTO-ADV-2117"]
[Site "http://www.queenalice.com/game.php?id=921819"]
[Date "2011.4.4"]
[Round "1"]
[White "cwo"]
[Black "jeancarlo1910"]
[Result "1-0"]
[WhiteElo "1858"]
[BlackElo "1823"]

1. e4 c5 2. Nf3 a6 3. c4 Nc6 4. d4 cxd4 5. Nxd4 e5 6. Nc2 Bc5 7. Nc3 d6 8. Bd3
h6 9. O-O Nf6 10. Nd5 Nxd5 11. exd5 Ne7 12. b4 Ba7 13. Be3 Bxe3 14. Nxe3 O-O 15.
c5 dxc5 16. bxc5 Nxd5 17. Nxd5 Kh8 18. Qf3 Be6 19. Nb6 Rb8 20. Qe4 Qd4 21. Qh7#
1-0

[Event "AUTO-ADV-2117"]
[Site "http://www.queenalice.com/game.php?id=921820"]
[Date "2011.4.4"]
[Round "1"]
[White "jeancarlo1910"]
[Black "cwo"]
[Result "0-1"]
[WhiteElo "1846"]
[BlackElo "1806"]

1. d4 d5 2. h3 Nf6 3. Nc3 Bf5 4. Bg5 Nc6 5. Nf3 Nb4 6. Rc1 Ne4 7. e3 f6 8. Bf4
Nxc3 9. bxc3 Nxa2 10. Ra1 Nxc3 11. Qd2 Ne4 12. Qb4 e5 13. dxe5 Bxb4+ 14. c3
Bxc3+ 0-1